00677nam a2200193 i 450000100060000000300090000600500170001500700030003200800410003510000440007624500800012026000550020030000210025549000120027683000200028885200320030899900170034095201260035796361ES-MaACL20230906181911.0t|050616s1960 sp ||||1| spa d1 aMainer Pascual, Lázaro José.97560013aEl diablo 1960 b: (cuatro apariciones) / cLázaro José Mainer Pascual. aZaragoza : b[s.n.], c1960 (fGraf. La Editorial) a53 p. ; c18 cm.1 aAlcorce0 aAlcorce9232242 aES-MaACLjC-18189 bR.46413 c96361d96361 00104070aATENEOMbATENEOMcGaleríad2008-01-17eSCl0oC-18189p1100604r2023-02-23 00:00:00w2023-02-23yMONOGRAFIA